| 000 | 01530nam a2200349 i 4500 | ||
|---|---|---|---|
| 001 | 000016889 | ||
| 003 | DO-SdBPM | ||
| 005 | 20260213112540.0 | ||
| 007 | ta | ||
| 008 | 100312t1975 dr a 001 0 spa d | ||
| 040 |
_aDO-SdBPM _bspa _cBPMSU _erda _d |
||
| 082 | 4 |
_a133.4 _bR696p, 1975 _222 |
|
| 100 | 1 |
_aRodríguez, Manuel Tomás, _eautor _4aut. |
|
| 245 | 1 | 0 |
_aPapá Legbá : _b(la crónica del Voudú o pacto con el Diablo y algo más...) / _cManuel Tomás Rodríguez ; prólogo, Manuel Marino Miniño Marion-Landais. |
| 250 | _atercera edición corregida y ampliada | ||
| 264 |
_aSanto Domingo _bEditora Smigo del Hogar, _c1975. |
||
| 300 |
_a220 páginas : _bilustraciones ; _c21 cm. |
||
| 336 |
_atexto _btxt _2rdacontent |
||
| 337 |
_asin mediación _bn _2rdamedia |
||
| 338 |
_avolumen _bnc _2rdacarrier |
||
| 500 | _aIncluye referencias bibliográficas y notas al pie de las páginas. | ||
| 500 | _aVocabulario voudú : páginas 215-220. | ||
| 505 | 0 |
_aA manera de prólogo / _rManuel Marino Miniño Marion-Landais -- _tEl alma encantada -- _tCon la mirada fija -- _tMagia negra y roja -- _tPor rutas de la historia -- _tPrácticas -- _tIdeas, observaciones y conceptos, por varios -- _tVocabulario voudú. |
|
| 590 | _aInventariado, 2026/VM | ||
| 650 | 7 | _aVudú | |
| 650 | 7 | _aBrujería | |
| 650 | 7 |
_aFolclore _zHaití |
|
| 651 | 7 |
_aHaití _xVida religiosa y costumbres |
|
| 700 | 1 |
_aMiniño Marion-Landais, Manuel Marino, _epróloguista _4pról. |
|
| 910 | _aVMAteo V. Control de calidad BPMSU | ||
| 942 |
_2ddc _cBK |
||
| 999 |
_c15693 _d15693 |
||